| 000 | 01082nab a2200277 u 4500 | ||
|---|---|---|---|
| 001 | 12392 | ||
| 003 | HDC | ||
| 007 | cr bn ---aaaaa | ||
| 008 | 210209c20121012my dr|nes 0 a may d | ||
| 040 | _aHDC | ||
| 100 |
_aMohd Zulfadli Sharifudin _eauthor _912984 |
||
| 245 | 0 |
_aBeri peluang usahawan baharu promosi produk / oleh _cMohd Zulfadli Sharifudin |
|
| 260 |
_aKuala Lumpur : _bUtusan Melayu (M) Bhd., _c2012 |
||
| 336 |
_atext _2rdacontent |
||
| 337 |
_acomputer _2rdamedia |
||
| 338 |
_aonline resource _2rdacarrier |
||
| 650 |
_aentrepreneurial programs _912874 |
||
| 650 |
_aEntrepreneurs _951 |
||
| 650 |
_aHalfest _910528 |
||
| 710 | _aUtusan Malaysia | ||
| 856 | _zRequest full-text at [email protected] | ||
| 856 | _zRequest full-text at [email protected] | ||
| 942 | _2lcc | ||
| 942 | _cNEWS | ||
| 942 | _kNWSC 000136 | ||
| 999 |
_c9715 _d9715 |
||